[Event "email op 15-005 MAPEJK  (Sternik,)"]
[Site "?"]
[Date "2007.??.??"]
[Round "?"]
[White "Svrsek, Radomir CZE"]
[Black "Sternik, Ryszard"]
[Result "0-1"]
[WhiteElo "2040"]
[BlackElo "1800"]
[PlyCount "78"]

1. e4 e5 2. Nf3 Nc6 3. d4 exd4 4. Nxd4 Bc5 5. Be3 Qf6 6. c3 Nge7 (6... a6 7. g3
Nge7 8. Bg2 O-O 9. O-O Ne5 10. Nd2 d6 11. h3 Re8 12. f4 N5c6 13. N2b3 Nxd4 14.
cxd4 Bb6 15. f5 c5 16. e5 dxe5 17. dxc5 Bc7 18. Qc1 $2 (18. g4 $16) 18... Nxf5
$1 19. g4 Ng3 $1 20. Re1 h5 21. Bg5 Qg6 {
Rause,O-Pawlow,MP, corr ICCF 6/7 Cup sf24 1990 (0:1-39)}) 7. Bc4 (7. g3 d5 8.
Bg2 Bxd4 9. cxd4 dxe4 10. Nc3 Bf5 11. Nxe4 Bxe4 12. Bxe4 O-O-O $5 13. Qb3 Qe6
$1 14. Qxe6+ fxe6 15. O-O-O Nd5 16. Rhe1 h6 17. Bg2 Rd6 18. Rd2 Rf8 19. Bh3 Kb8
20. Bg2 a5 21. Red1 a4 {Baum,B-Krasenkow,M, Wieden op 1990 (0:1-33)}) 7... b6 (
7... O-O 8. O-O Bb6 9. Na3 Nxd4 $6 (9... Rd8 10. Ndb5 Ne5 11. Qh5 h6 12. Bxb6
cxb6 13. f4 Nxc4 14. Nxc4 d5 15. e5 Qf5 16. Qd1 Bd7 17. Nd4 Qg6 18. Nd6 Rab8
19. f5 Qg5 20. Rf3 Nc6 21. Rg3 Qf4 22. Qh5 Nxe5 23. Rf1 Qd2 24. f6 {
1:0 - Zapata,-Talavera,J, Expo 1992}) 10. Bxd4 $1 $146 Bxd4 11. cxd4 b6 12. Rc1
Bb7 13. Nb5 Rfc8 14. Re1 Kf8 15. Bb3 Bc6 16. Nc3 d6 17. f4 $5 Rd8 18. d5 Bb7
19. Re3 c6 20. dxc6 Bxc6 21. Rd3 b5 22. Rd4 a5 {
Zapata,A-Milos,G, Manila 30 ol 1992 (remis-44)}) 8. O-O Bb7 9. Nb5 (9. f4 O-O-O
10. b4 $5 Nxd4 $5 $146 11. bxc5 Ne6 12. cxb6 axb6 13. Bd3 d5 14. e5 Qh6 15. Na3
d4 16. cxd4 Nd5 $1 17. Qd2 $2 (17. Nc2 Nxe3 18. Nxe3 Nxd4 $13) 17... Nxe3 18.
Qxe3 Rxd4 $15 19. Bf5 Kb8 $1 20. Nb5 $2 Rxf4 21. Qa3 Rxf1+ 22. Rxf1 Rd8 $2 23.
Bxe6 $1 fxe6 {Motylew,A-Griszczuk,A, Ubeda 2000 (0:1-42)}) 9... O-O-O 10. Bxc5
bxc5 11. Nd2 Ne5 $1 $146 {
te posuniecie zagralem, jak znalazlem w swojej bazie ta partie} (11... Kb8 $5
$146 12. f4 d5 13. exd5 Nxd5 14. Ne4 Qf5 $6 15. Nbd6 $1 cxd6 16. Bxd5 Na5 17.
c4 Bxd5 18. Ng3 Qd7 19. Qxd5 Qb7 20. b3 g6 21. Rfe1 Rd7 22. Ne4 Qxd5 23. cxd5
f5 24. Ng5 Nb7 {Ganguly,SS-Sharma,D, Goodricke 12 op 2001 (1:0-51)}) 12. Nxa7+
(12. f4 $1 Nxc4 13. Nxc4 d5 $1 14. Ne5 a6 $6 (14... Kb8 $1 15. Qa4 a6 16. Na3
Qe6 17. exd5 Qxd5 18. Qc2 Ng6 $15) 15. Qg4+ Kb8 16. Na3 dxe4 $5 17. Nd7+ Rxd7
18. Qxd7 Nd5 19. Nc4 Nxf4 20. Ne3 $6 (20. Rad1 $5 Qg5 21. g3 $5) 20... Rd8 21.
Qg4 $6 g5 $17 22. Rad1 Nd3 23. Qf5 Qe7 {
Kristjansson,S-Szirow,A, Reykjavik 2003 (0:1-33)}) 12... Kb8 13. Nb5 d5 14. Be2
(14. exd5 Nxd5 15. Ne4 Qb6 16. Qb3 Nf4 $19) 14... dxe4 15. Qc2 ({
troche lepsze bylo} 15. Qe1 Rhe8 16. f4 exf3 17. Bxf3 Nxf3+ 18. Nxf3 $15) 15...
Nd5 16. Nxe4 Qg6 17. g3 (17. Bd1 $2 Nf4 18. f3 Nc4 19. g3 Ne3 20. Qa4 Nh3+ 21.
Kh1 Qa6 $17) 17... Nf4 18. f3 Nh3+ 19. Kg2 Ng5 $17 {
raczej niespodziewanie czarne maja przewage} 20. Qa4 Nxe4 21. fxe4 Rd2 22. Rf2
Qxe4+ 23. Qxe4 Bxe4+ 24. Kg1 {
oba Krole maja otwarte pozycje, ale to biale maja klopoty} Rxb2 25. Na3 (25. c4
$6 Rd8 26. Rd1 Rxd1+ 27. Bxd1 Nxc4 $19) 25... Bd5 26. Bd1 ({albo} 26. Bh5 Rxf2
27. Kxf2 Rd8 28. Be2 c6 29. Nc2 Be4 30. Ne3 Rd2 $17 {tez z przewaga czarnych})
26... Rxf2 27. Kxf2 c6 28. Nc2 Ka7 29. Ne3 Rb8 30. Be2 Rb2 31. Nxd5 cxd5 32.
Ke1 $6 ({tez nie ratowalo} 32. Rd1 Ng4+ 33. Ke1 Ne3 34. Rd2 Ng2+ 35. Kd1 Rb1+
36. Kc2 Rh1 {i czarne powinny wygrac}) 32... Kb6 {reszta nie wymaga komentarzy}
33. a4 c4 34. h3 f6 35. Kf2 Rb3 36. a5+ Ka6 37. Rd1 Kxa5 38. Rxd5+ Kb6 39. Rd6+
Kc5 {Tu mam 9,5 z 13 (+7   =5  -1) i 1 zalegla - turniej niedokonczony.} 0-1

[Event "email 41 Rapid FIGCS (Sternik,R)"]
[Site "?"]
[Date "2008.??.??"]
[Round "?"]
[White "Tomlin, Lincoln ENG"]
[Black "Sternik, Ryszard POL"]
[Result "1/2-1/2"]
[WhiteElo "1955"]
[BlackElo "1902"]
[PlyCount "72"]
[EventDate "2002.04.05"]

1. c4 f5 2. Nf3 Nf6 3. Nc3 e6 4. e3 Be7 5. Be2 (5. d4 O-O 6. Bd3 b6 7. O-O Bb7
8. Qc2 Na6 9. a3 c5 10. Be2 Ne4 11. Ne5 d6 12. Nd3 Bf6 13. Nf4 Nc7 14. Rd1 e5
15. dxe5 Bxe5 16. Ncd5 Bxd5 17. cxd5 g5 18. f3 gxf4 19. exf4 Bd4+ 20. Rxd4 cxd4
21. fxe4 fxe4 22. Qxe4 Qf6 23. Bd2 Rf7 24. g3 Re8 25. Qd3 Nxd5 26. Bh5 Ne3 27.
Bxf7+ Qxf7 28. Qxd4 Nc2 {0:1 - Boxall,G-Chang Hon Kun, Elista ol 1998}) 5...
O-O 6. d4 d6 7. O-O Na6 8. b3 Qe8 9. Bb2 Qg6 10. a3 b6 ({albo} 10... c5 11. Nb5
Bd7 12. dxc5 Nxc5 13. Nxd6 Rad8 14. Be5 Bc6 15. b4 Bxd6 16. Bxd6 Nce4 $14) 11.
d5 e5 12. b4 Nb8 (12... Bd7 13. c5 Nb8 14. Bc4 Bd8 15. c6 $14) 13. Kh1 $11 a6
14. Qb1 Ne8 (14... c5 15. dxc6 Nxc6 16. Nd5 Nxd5 17. cxd5 Na7 $11) 15. e4 fxe4
16. Nxe4 Bf5 17. Bd3 c6 $6 (17... Nd7 18. Qc2 Rc8 19. b5 Ra8 20. Bc1 Qg4 21.
Be3 $14 {z minimalna przewaga}) 18. c5 cxd5 $5 {najlepsze} (18... bxc5 19. bxc5
cxd5 20. cxd6 Nxd6 21. Nxe5 Qe6 $16) 19. cxd6 Nxd6 20. Nxe5 Qe6 21. Nxd6 Bxd6
22. Re1 $14 {0.53} Nd7 23. Nc4 ({lepsze} 23. Nf3 Qf7 24. Bxf5 Qxf5 25. Qxf5
Rxf5 26. Re6 Bf8 $14) 23... Qh6 24. Nxd6 Bxd3 25. Qxd3 Qxd6 26. f3 ({
troche lepsze} 26. Kg1 b5 27. Rad1 Rae8 28. Bd4 Re6 29. Qc3 Rxe1+ 30. Rxe1 Qg6
$14 {0.65}) 26... b5 27. Rac1 (27. Qd4 Nf6 28. Qd2 Rae8 29. Bd4 Rxe1+ 30. Rxe1
Re8 $14 {0.40}) 27... Rae8 28. Bd4 (28. Qd4 Nf6 29. Qd2 Rxe1+ 30. Rxe1 Re8 31.
Rd1 Nd7 32. Qg5 $14) 28... Qh6 29. Qc3 $6 $11 (29. Rcd1 Qh5 30. Rxe8 Rxe8 31.
Bc3 Re6 32. Qxd5 Qxd5 33. Rxd5 Re3 34. Bd4 $14 {0.57}) 29... Nb6 30. Rxe8 (30.
Bc5 Na4 31. Qd4 Nxc5 32. bxc5 Rxe1+ 33. Rxe1 Rd8 $11) 30... Rxe8 31. Re1 Rxe1+
32. Qxe1 Nd7 33. Qc3 {slabe} (33. Qe7 $1 Qc1+ 34. Bg1 Nf8 35. Qd6 Qc4 36. h3
Kf7 37. Bc5 Ng6 38. Qd7+ $14) 33... Kf7 34. Qc7 Qe6 35. h3 g6 36. Kg1 Qe1+ {
biale mialy przez wiekszosc czasu "wiecej pilki w grze", jak to sie mowi, ale
to  nie wystarczylo do wygrania.  Wyniki:  1.Valquez,F  PRT      5,5 z 6  
1356  2.Eygard,J ENG         4,5         1834  3-4. Tomlin,L             4    
1955  Sternik,R                    4            1902} 1/2-1/2

[Event "email B-119 FICGS(Sternik,R)"]
[Site "?"]
[Date "2009.??.??"]
[Round "?"]
[White "Valverde, Rocagliolo M. PER"]
[Black "Sternik, Ryszard POL"]
[Result "1-0"]
[WhiteElo "1800"]
[BlackElo "1760"]
[PlyCount "34"]

1. e4 c5 2. Nf3 Nc6 3. d4 cxd4 4. Nxd4 Nf6 5. Nc3 e5 6. Ndb5 d6 7. Bg5 a6 8.
Na3 b5 9. Nd5 Be7 10. Nxe7 Nxe7 11. Bxf6 (11. Qf3 Bg4 12. Qg3 Be6 13. Bd3 Ng6
14. O-O h6 15. Bxf6 Qxf6 16. c4 b4 17. Nc2 Rb8 18. Rfd1 O-O 19. Bf1 Qe7 20. a3
bxa3 21. Qxa3 Rb6 22. b4 Qc7 23. Ne3 Qb7 {
Worobiow,E-Kowalewskaja,E, Tula mem Suetin 2002 (remis-44)}) 11... gxf6 12. Bd3
(12. c4 Bb7 13. Bd3 bxc4 14. Nxc4 d5 15. exd5 Qxd5 16. Qa4+ Kf8 17. O-O-O Qxg2
18. Rhg1 Qxf2 19. Qb4 Bf3 20. Rgf1 Qg2 21. Ne3 Qh3 22. Bf5 Qh5 23. Rd7 Re8 24.
Bc2 e4 25. Kb1 Qb5 {Anand,V-Van Wely,L, Monaco Amber rapid 2002 (1:0-36)})
12... d5 13. exd5 Qxd5 14. f3 Qc5 15. Qe2 Nd5 16. Qf2 (16. Be4 Bb7 17. g3 Rc8
18. Rd1 b4 $15) 16... Qb4+ 17. Ke2 $4 {
nie chce sie wierzyc, ze taki blad wykonal szachista o rankingu 1800} (17. c3
Nxc3 18. Nc2 Qxb2 19. Qb6 O-O 20. Qxf6 Nd5 21. Qg5+ Kh8 22. Bxh7 Qc3+ 23. Kf1
$15 {i jeszcze mozna bylo grac}) 17... Nf4+ (17... Nf4+ 18. Kf1 Qxb2 19. Rd1
Qxa3 {z latwa wygrana.  Wyniki:  1.Biro,I HUN       5,5 z 6 1800  2-3.
Klarzysnki,S 4,5       1800  Sternik,R             4,5       1760}) 1-0

[Event "email TT-055 FIGCS (Sternik,R)"]
[Site "?"]
[Date "2009.??.??"]
[Round "?"]
[White "d'Ettore, Rodolfo VEN"]
[Black "Sternik, Ryszard POL"]
[Result "0-1"]
[WhiteElo "1895"]
[BlackElo "1811"]
[PlyCount "86"]
[EventDate "1970.??.??"]

1. e4 Nf6 2. e5 Nd5 3. c4 Nb6 4. d4 d6 5. exd6 cxd6 6. Nc3 g6 (6... Nc6 7. d5
Ne5 8. Be3 g6 9. Bd4 Bh6 10. h4 O-O 11. h5 Bg7 12. f4 Ng4 13. Bxg7 Kxg7 14.
Qd4+ f6 15. Nf3 e5 16. dxe6 Bxe6 17. O-O-O Re8 18. hxg6 hxg6 19. Ng5 Bg8 20.
Nge4 d5 21. cxd5 Rc8 22. d6 Nd5 {
Siemienowa,L-Lelczuk-Popowa,Z, USRR ch 49 k Wojzski 1989 (remis-56)}) 7. Be3
Bg7 8. Rc1 O-O 9. b3 e6 (9... e5 10. dxe5 dxe5 11. Qxd8 Rxd8 12. c5 N6d7 13.
Nf3 Nc6 14. Bc4 Na5 15. Be2 Nf8 16. O-O Ne6 17. Rfd1 Nd4 18. Nxd4 exd4 19. Nb5
Nc6 20. Bg5 Rd7 21. Bf3 Ne5 22. Re1 f6 23. Bd2 d3 {
Nguyen Hoang Tuan-Nguyen Thien Viet, Vietnam ch Hanoi 2002 (1:0-43)}) 10. Nf3
Nc6 11. Be2 d5 (11... Bd7 12. d5 exd5 13. cxd5 Ne7 14. Bd4 Bh6 15. Bf6 Rc8 16.
Ng5 Rxc3 17. Rxc3 Nbxd5 18. Bxe7 Nxc3 19. Bxd8 Nxd1 20. Bf6 Nc3 21. Nxf7 Bg7 {
Schmenger,F-Pribyl,J, Schwabisch op 1998 (0:1-36)}) 12. c5 Nd7 13. O-O (13. Qd2
b6 14. cxb6 Nxb6 15. Bh6 Bxh6 16. Qxh6 Qf6 17. Nb5 Bd7 18. Qd2 Qe7 19. O-O Rfc8
20. Qf4 Be8 21. h4 a6 22. Nc3 f6 23. Rfe1 Kg7 24. Bf1 h6 25. Bd3 g5 {
Dumont Sadi Glasser-Teixeira Riccardo d, Rio de Janeiro B 1998 (remis-60)})
13... h6 14. Qd2 $14 ({lepsze} 14. Nb5 Nf6 15. Ne5 Nd7 16. Nxc6 bxc6 17. Nd6
$14) 14... g5 15. h3 f5 16. Qd3 a6 17. Kh1 Qf6 18. Na4 Rd8 (18... g4 19. hxg4
fxg4 20. Nh2 h5 21. Rcd1 Ne7 22. Qd2 Nf5 $11) 19. Qc2 f4 20. Bd2 h5 21. h4 g4
22. Ng5 Nf8 (22... Nxd4 $2 23. Qh7+ Kf8 24. Bc3 $16) 23. Bc3 Nxd4 24. Bxd4 $6 (
24. Qd2 Ng6 25. Nb6 Rb8 26. Nxc8 Rdxc8 27. Qd3 $15) 24... Qxd4 25. Bd3 Qf6 26.
Nb6 Rb8 27. g3 $5 (27. Rfe1 Bd7 28. Nxd7 Rxd7 29. Bh7+ Kh8 30. Bd3 e5 31. Bf5
Re7 $17) 27... f3 {slabe} (27... Bh6 $1 {i Skoczek nie ma odejscia} 28. Qd2
Bxg5 29. hxg5 Qxg5 30. Rfe1 Bd7 31. Qxf4 Qxf4 32. gxf4 Be8 $17) 28. Rfe1 Bd7
29. Bh7+ $6 (29. b4 Be8 30. Re3 Bh6 31. Rce1 Bxg5 32. hxg5 Qxg5 $15) 29... Kh8
30. Bd3 (30. b4 Bh6 31. Bd3 Bxg5 32. hxg5 Qxg5 33. Qb2+ Kg8 $15) 30... Be8 31.
Rcd1 Bh6 32. Qd2 Kg8 {Krol bialych bezpiecznie ukryty, czarne Wieze w zasadzie
nie biora udzialu w grze} (32... e5 {proba ataku pionami nic nie daje} 33. Bc2
d4 34. Nc4 Rd5 35. b4 Kg7 $11) 33. b4 (33. a3 Bc6 34. b4 Nd7 (34... Re8 35. a4
Nd7 36. Nxd7 Bxd7 $15) 35. Bh7+ Kg7 36. Bc2 Nf8 $11) 33... Bg6 34. Bxg6 (34. a4
Bxd3 35. Qxd3 Bxg5 36. hxg5 Qh8 37. Qd4 Qxd4 38. Rxd4 Kg7 $17) 34... Qxg6 35.
a4 Re8 36. b5 axb5 37. axb5 Nh7 38. Re5 $6 (38. Nxd5 {nic nie dawalo} Bxg5 39.
hxg5 exd5 40. Qxd5+ Kh8 $17) (38. Nd7 Nxg5 39. hxg5 Bxg5 40. Qd4 Rbc8 $17)
38... Nxg5 39. hxg5 Bg7 40. Ree1 {[%emt 0:00:00]} h4 {
wreszcie piechota rusza do szturmu} 41. gxh4 Qh5 42. Qf4 Qxh4+ 43. Kg1 e5 {
Wyniki:  1.Hase,P CZE        5,5  2092  2.Sternik,R             5     1811  3.
d'Ettore,R            4,5 1895} 0-1

[Event "email op 15.006 MAPEJK (Sternik,R)"]
[Site "?"]
[Date "2008.??.??"]
[Round "?"]
[White "Louro, Eugenio ITA"]
[Black "Sternik, Ryszard POL"]
[Result "1/2-1/2"]
[WhiteElo "2193"]
[BlackElo "1800"]
[PlyCount "46"]

1. f4 e5 2. e4 d5 3. exd5 e4 4. d3 Nf6 5. dxe4 Nxe4 6. Nf3 Bc5 (6... Bg4 7. Bd3
Qe7 8. Qe2 Bxf3 9. gxf3 Nf6 10. Qxe7+ Bxe7 11. Nc3 O-O 12. Bd2 Bb4 13. O-O-O
Nbd7 14. a3 Bd6 15. Rhg1 Nc5 16. Bf5 a5 17. Be3 Rfe8 18. Bd4 Kh8 19. Kb1 Rg8
20. Ne4 Ncxe4 21. fxe4 Bxf4 22. Rdf1 Bh6 23. Rg3 Rae8 24. Rh3 Ng4 25. Bc3 Ne5
26. Rxh6 gxh6 27. Be6 {1:0 - Sternik,R-Chramkow,A, email op 11.006 MAPEJK 2007}
) 7. Qe2 Qe7 (7... Bf5 8. Nc3 Qe7 9. Be3 Bxe3 10. Qxe3 Nxc3 11. Qxe7+ Kxe7 12.
bxc3 Bxc2 13. Kd2 Ba4 14. Re1+ Kd6 15. Ng5 Kxd5 16. Re4 $1 $16 Be8 17. Rd4+ Kc6
18. Be2 $1 Nd7 19. Bf3+ Kb6 20. Rb1+ Ka5 21. Rxb7 h6 22. Rxc7 Rb8 23. Nxf7 Bxf7
24. Rcxd7 {1:0 - Bronstein,D-Wajsman,W, Sandomierz op 1976}) 8. Be3 Bb4+ (8...
Bf5 9. Bxc5 Nxc5 10. Qxe7+ Kxe7 11. Nd4 Re8 12. Nxf5+ Kf6+ 13. Be2 Kxf5 14. Nc3
Nbd7 15. g4+ Kf6 16. d6 c6 17. O-O-O Rad8 18. b4 Na6 19. Bxa6 bxa6 20. Rhe1 g6
21. h3 Kg7 22. Re7 Kf8 23. Rde1 Nf6 24. g5 Nh5 25. R1e4 f5 26. gxf6 Nxf6 27.
R4e6 Rxd6 28. Rxd6 Kxe7 29. Rxc6 Kf7 30. Rxa6 {
1:0 - Carlsson,D-Kaminskas,A, email CIF CP3 1990}) 9. Nbd2 $16 (9. c3 Bd6 10.
Nbd2 O-O 11. Nxe4 Qxe4 12. Qd3 Qe7 13. Kf2 Nd7 14. Re1 Nc5 15. Bxc5 Bxc5+ 16.
Nd4 Qd6 17. Qe4 g6 18. b4 Bb6 19. Qe5 Qd8 20. Bc4 a5 21. a3 axb4 22. axb4 Ra3
23. Re3 Bd7 {Susnik,M-Cepon,D, Slovenia ch 1991 (0:1-32)}) 9... Nf6 10. Bd4 $6
{taka niedokladnosc u takiego wysokiego Elo?} (10. c4 O-O 11. Bd4 Qd6 12. a3
Re8 13. Be5 Qa6 14. O-O-O Be7 15. Nb3 $14) 10... Nxd5 11. Qxe7+ Bxe7 12. Bxg7
Rg8 13. Bd4 (13. Be5 Nc6 14. g3 Ncb4 15. Bd3 Nxd3+ 16. cxd3 Bg4 $11) 13... Nc6
14. O-O-O Nxd4 15. Nxd4 Bg4 16. Re1 Nxf4 17. Re4 Ne6 18. h3 (18. Bb5+ Kf8 19.
Bc4 Nxd4 20. Rxd4 Be6 21. Bxe6 fxe6 22. Rf1+ Ke8 $11) 18... Nxd4 19. hxg4 Ne6
20. Bc4 Bg5 21. Bxe6 fxe6 22. Rxe6+ Kf7 23. Re2 Rae8 {
Turniej niedokonczony - mialem 7,5 z 12 - +5   =5  -2} 1/2-1/2

[Event "email 15-006 op MAPEJK (Sternik,R)"]
[Site "?"]
[Date "2006.??.??"]
[Round "?"]
[White "Sternik, Ryszard POL"]
[Black "Abreu, Enrique CUB"]
[Result "1/2-1/2"]
[WhiteElo "1800"]
[BlackElo "2082"]
[PlyCount "65"]

1. e4 c5 2. Nf3 Nc6 3. d4 cxd4 4. Nxd4 Nf6 5. Nc3 e5 6. Ndb5 d6 7. Bg5 a6 8.
Na3 b5 9. Bxf6 gxf6 10. Nd5 Bg7 (10... f5 11. Bd3 Be6 12. O-O Bxd5 13. exd5 Ne7
14. c3 Bg7 15. Qh5 e4 16. Bc2 O-O 17. Rae1 Qc8 18. Bb1 Qc5 19. Kh1 Qxd5 20. f3
Qe5 21. fxe4 fxe4 22. Qxe5 dxe5 23. Bxe4 Rad8 24. Rd1 f5 {
Almasi,Z-Leko,P, Amber rapidplay 2002 (remiws-69)}) 11. Bd3 Ne7 12. Nxe7 Qxe7
13. O-O f5 14. c4 (14. c3 O-O 15. Qh5 d5 16. exd5 e4 17. Bc2 b4 18. Nc4 bxc3
19. bxc3 Bxc3 20. Rad1 Qf6 21. d6 Bd4 22. Bxe4 Be6 23. Bxa8 Bxc4 24. Rxd4 Qxd4
25. Rd1 Qf6 26. Bd5 Bb5 27. Qf3 Re8 {
Salinnikow,D-Skworcow,A, Rosja ch sf Nowosybirsk 1999 (1:0-44)}) 14... O-O 15.
Qh5 bxc4 (15... Rb8 16. exf5 e4 17. Rae1 Bb7 18. Qg4 Rfe8 19. cxb5 $5 d5 20.
bxa6 Bc6 (20... Ba8 $2 21. Bb5 $16) 21. f3 $1 $146 h5 $1 22. Qg3 (22. Qxh5 $2
Qc5+ 23. Kh1 exd3 $19) 22... Qe5 $1 (22... h4 $2 23. Qg4 h3 24. fxe4 Rxb2 25.
Nc2 hxg2 26. Rf2 $36) 23. Qxe5 Bxe5 24. fxe4 dxe4 25. Be2 Rxb2 26. Nc4 Bd4+ 27.
Kh1 Rc2 $1 $44 {Kotronias,W-Awruch,B, Kavala 2003 (remis-37) Awruch,B}) 16.
Nxc4 Rb8 (16... f4 17. Nb6 Rb8 18. Nd5 Qa7 19. b3 Be6 20. Bc4 a5 21. Rac1 Rbc8
22. Rfd1 Bxd5 23. Rxd5 Rc6 24. Rcd1 Qc7 {
McKenzie,P-Al_Saled Mohd Nasser, Moskwa ol 1994 (1:0-36)}) 17. b3 (17. Ne3 f4
18. Nd5 Qa7 19. b3 Be6 20. Rac1 Rbc8 21. Rfd1 Kh8 22. Rxc8 Rxc8 23. Bc4 Rf8 24.
Rd3 a5 25. a4 h6 26. g4 fxg3 27. Rxg3 Qd4 28. Nf6 Qd2 {
Janowskaja,Inna-Gara, Anita, Bundesliga w 2004 (remis-36)}) 17... fxe4 18. Bxe4
f5 19. Bd5+ Kh8 20. Rad1 (20. Rfd1 Rf6 21. Rac1 Rh6 22. Qf7 Qxf7 23. Bxf7 Bf8
24. Na5 Be6 25. Bxe6 Rxe6 26. Rc6 Ra8 27. Rd5 Kg7 28. Nc4 Kf6 29. g3 Be7 30.
Kg2 h5 31. b4 Rb8 32. Nb6 Rb7 {
Goldenberg,D-Moussa, AE, Quebec-inv 1997 (remis-60)}) 20... Rf6 21. f4 e4 22.
Rfe1 Rh6 23. Qg5 Qf8 24. Qg3 Bd7 25. a3 Qe8 26. b4 Qh5 27. Rd2 Rg6 $5 (27...
Rc8 28. Kh1 Bb5 29. Rc2 Rg6 30. Qf2 $11) 28. Qe3 Rf8 29. Rc1 Bb5 30. Nb6 Qg4
31. Rc7 Bh6 32. Qc3+ Bg7 33. Qe3 {
Turniej niedokonczony - gralo 15-stu..   Mialem 7,5 z 12.  Abreu mial 4,5 z 5.}
1/2-1/2

[Event "email North Light FIN (Sternik,R)"]
[Site "?"]
[Date "2004.??.??"]
[Round "?"]
[White "Jabot, Daniel FRA"]
[Black "Sternik, Ryszard POL"]
[Result "0-1"]
[WhiteElo "2201"]
[BlackElo "1902"]
[PlyCount "64"]
[EventDate "2001.10.03"]

1. e4 e5 2. f4 d5 3. exd5 e4 4. d4 ({czesciej grywa sie} 4. d3 Nf6 5. dxe4 Nxe4
6. Nf3 (6. Qe2 Qxd5 7. Nd2 f5 8. g4 Nc6 $1 9. c3 Be7 10. Bg2 Qf7 11. Nxe4 fxe4
12. Bxe4 Bh4+ 13. Kf1 O-O $44 {Bardeleben-Pillsbury, 1902}) 6... Bc5 7. Qe2 Bf5
(7... Qxd5 8. Nfd2 $1) (7... O-O 8. Qxe4 Re8 9. Ne5 f6 10. Bd3 $16) 8. Nc3 Qe7
9. Be3 $1 Nxc3 10. Bxc5 Nxe2 11. Bxe7 Nxf4 12. Ba3 $1 Nd7 13. O-O-O Be4 14. Ng5
Bxd5 15. g3 $1 Bxh1 16. gxf4 $40 {Bronstein,D-Tal,M, Ryga 1968}) 4... Qxd5 5.
Nc3 (5. Be3 Nf6 6. Qd2 Nc6 7. Ne2 Bg4 8. c4 Qxc4 9. Nec3 Qb4 10. Na3 a6 11. Nc4
Rd8 12. a3 Qe7 13. Ne5 Be6 14. Nxc6 bxc6 15. Bxa6 Qd7 16. O-O Be7 17. Be2 O-O
18. Qc2 Rfe8 19. Kh1 Ng4 20. Bxg4 Bxg4 21. Na4 Bf6 {
Krajcik,J-Fabry,R, Slowacja Liga 1994 (0:1-29)}) 5... Bb4 6. Nge2 Nf6 (6... f5
7. Bd2 Bxc3 8. Bxc3 Qf7 9. Ng3 Ne7 10. Bb5+ c6 11. Ba4 Be6 12. O-O Nd7 13. Bb3
Bxb3 14. axb3 O-O 15. Bb4 b6 16. Bd6 c5 17. Be5 cxd4 18. Qxd4 Rfd8 19. Rad1 a6
20. Bc7 Nc6 21. Qd6 Rdc8 22. Qxc6 Nf6 23. Nxf5 Qxc7 24. Qe6+ Kh8 25. Nd6 Qc5+
26. Rf2 Rc6 27. Nf7+ Kg8 28. Nh6+ Kh8 29. Qg8+ Rxg8 30. Nf7# {
Feist-Fritz,R, 1991}) 7. a3 $14 Qa5 8. Be3 Be7 9. Ng3 O-O 10. b4 (10. Qd2 Re8
11. Bc4 Qb6 12. O-O-O Bf8 13. Rhe1 Bg4 14. d5 c5 15. dxc6 Qc7 16. Be2 $16)
10... Qb6 11. Ngxe4 (11. Be2 a5 12. b5 a4 13. O-O Re8 14. Qd2 Bd6 15. Bc4 $14)
11... Re8 12. Bd3 Ng4 13. Bg1 (13. Qe2 Nxe3 14. Qxe3 f5 15. Nf2 Bd7 16. O-O Bf6
$14) 13... f5 14. Be2 (14. Bc4+ Kh8 15. Be2 Qh6 16. Bxg4 Bh4+ 17. Kf1 fxg4 $15)
14... fxe4 15. Bxg4 Qc6 16. Kd2 {oryginalna obrona Skoczka} Nd7 17. d5 $6 (17.
Qe1 Nf6 18. Be2 Nd5 19. Nxd5 Qxd5 20. Kc1 $11) 17... Qh6 18. Be6+ Kh8 19. Kc1
Bf6 $17 {niespodziewanie program pokazuje przewage czarnych} 20. Bd4 {
u bialych zamknieta Wieza na a1, u czarnych Wa8 i Gc8} Nb6 {
to tez dawalo przewage} (20... Qxf4+ 21. Kb2 e3 22. Ne2 Qd6 23. c4 Ne5 24. Bxc8
Raxc8 $17) 21. Bxc8 Raxc8 (21... Qxf4+ $2 22. Kb2 Bxd4 23. Qxd4 Raxc8 $11 {
tylko}) 22. Kb1 Rcd8 23. g4 Nxd5 24. Nxd5 Rxd5 25. g5 Rxd4 26. Qxd4 Bxd4 27.
gxh6 e3 28. Ka2 (28. Ra2 $4 e2 29. hxg7+ Kxg7 {i mozna zlozyc bron}) 28... Bxa1
29. Kxa1 gxh6 30. Kb2 Kg7 31. Kc3 Kf6 32. Kd3 Kf5 {Grupa 5 osobowa, po 2
partie. Mialem tylko 2 pkt. Reszty wynikow nie znam, turniej upadl.} 0-1

[Event "email North Light FIN (Sternik,R)"]
[Site "?"]
[Date "2004.??.??"]
[Round "?"]
[White "Sternik, Ryszard"]
[Black "Jabot, Daniel FRA "]
[Result "0-1"]
[WhiteElo "1902"]
[BlackElo "2201"]
[PlyCount "71"]

1. e4 e5 2. f4 exf4 3. Nf3 g5 4. h4 g4 5. Ne5 Nf6 6. Bc4 d5 7. exd5 Bd6 8. d4
Nh5 (8... Qe7 9. Bxf4 Nh5 10. g3 f6 11. Qe2 Rf8 $6 (11... fxe5 12. dxe5 Nxf4
13. gxf4 Bc5 14. Nc3 Bb4 15. Qe3 $17) 12. Bb5+ Kd8 13. Nd2 a6 14. Bd3 fxe5 15.
dxe5 Nxf4 16. gxf4 Bc5 17. Ne4 $6 (17. O-O-O Rxf4 18. e6 c6 19. Ne4 Bb6 20. c4
h5 $11) 17... Rxf4 18. e6 Bd4 19. O-O-O c6 $6 20. Bc4 Qg7 21. c3 Be5 22. d6 {
partner wycofal sie, ale wygrana jest:} (22. d6 Bxe6 23. Bxe6 Rxe4 24. Qxe4
Qh6+ 25. Rd2 Qxe6 26. d7 {
z latwa wygrana - Sternik,R 1876-Lane,M 1861, email T9e-31 Niemcy 2008})) 9.
O-O (9. Nc3 Bxe5 10. dxe5 Qe7 11. Qd4 c5 12. Qe4 Ng3 $2 13. Qxf4 Nh5 14. Qe3
Nd7 15. e6 fxe6 16. dxe6 Ndf6 17. Qe5 O-O 18. Bg5 Kg7 19. Bh6+ {
1:0 - Suchinina,Anna-Donew,Aleksander, corr Europa ch 3 tt 1983-92}) 9... O-O (
9... Qxh4 10. Qe1 Qxe1 11. Rxe1 O-O 12. Nc3 Nd7 13. Nxg4 Nb6 14. Be2 Re8 15.
Ne5 Bxe5 16. dxe5 Rxe5 17. Bd2 Bd7 18. Bf3 Rae8 19. Rxe5 Rxe5 20. Re1 Rxe1+ 21.
Bxe1 Nf6 22. Bd2 Nc4 23. Bxf4 Nxb2 {
Riemersma.L-Van der Sterren,P, Holandia ch 1993 (0:1-39)}) 10. Nxg4 Qxh4 11.
Nh2 Ng3 $1 $146 12. Re1 Bf5 $1 13. Bd3 (13. Nd2 Nd7 14. Ndf3 Qh5 15. Be2 Rae8
16. c4 Re4 $1 17. Bd2 Rfe8 18. Bd3 Rxe1+ 19. Bxe1 (19. Nxe1 f3 $1) 19... Bxd3
20. Qxd3 Ne2+ 21. Kf1 Re3 $1 22. Qd1 Nf6 23. Bf2 Ng3+ 24. Kg1 Ne2+ 25. Kf1 Ng3+
26. Kg1 Ng4 $1 (26... Nfe4 $5) 27. Bxg3 fxg3 28. Nxg4 Qxg4 $17 {
de la Villa Garcia,J-Rodriguez,Am, Bayamo 1991 Rodriguez,M}) 13... Bxd3 14.
Qxd3 Nd7 15. Bd2 (15. Nd2 Rae8 16. Rxe8 Rxe8 17. Ndf3 Qh5 18. Bd2 Qxd5 19. Qb3
Qxb3 20. axb3 a6 21. Ng4 f5 22. Nf2 Nf6 23. Nd3 Ne2+ 24. Kf1 Ng4 25. c3 Ng3+
26. Kg1 Re4 27. Re1 h6 28. Nfe5 Bxe5 29. Nxe5 Rxe1+ 30. Bxe1 Nxe5 31. dxe5 Ne4
{0:1 - Schuller,JC-Amorim,D, corr Welt Cup 10 sf01 1998}) 15... Rae8 $15 16.
Nc3 Nf6 17. Rxe8 Rxe8 18. Re1 Rxe1+ 19. Bxe1 a6 20. a3 Qg5 21. b4 Qh6 22. Qf3
b5 23. Bxg3 fxg3 24. Nf1 Qh4 25. Ne2 Ne4 $15 {z niewielka przewaga} 26. Qf5 h6
27. Qf3 h5 28. Qe3 Kg7 {krytyczna pozycja - co by sie nie zagralo, to slabe, a
w tym miejscu dowcipny program okazuje =} 29. Qf3 (29. c3 f5 30. Qf3 Kg6 31.
Qe3 Qg5 $17) (29. Nd2 $4 Nf2 30. Kf1 Qh1+ 31. Ng1 f6 32. Qe6 Ng4 33. Qd7+ Kh6
$19) 29... Kg6 30. Qd3 (30. Qe3 Qg4 31. Nd2 Nxd2 32. Qxd2 h4 33. Nc3 h3 34.
gxh3 Qxh3 35. Qg2 Qh6 $17) 30... f5 31. Qe3 Qg5 32. Qb3 (32. Qf3 h4 $17) 32...
f4 33. Qd3 Qf5 34. Nc3 Nf2 35. Qe2 h4 36. Nd2 (36. Nd2 h3 37. gxh3 Kg7 38. Nce4
f3 39. Qxf3 Qxf3 40. Nxf3 Nxe4 {i latwo wygrywa. A wiec, udany rewanz.  Grupy
5 osobowe, po 2 partie. Uzbieralem 2 pkt. Turniej rozpadl sie.}) 0-1